[Event "Rostock"]
[Site "Rostock"]
[Date "1981.??.??"]
[Round "2"]
[White "Kostyra, Stanislaw"]
[Black "Hesse, Peter"]
[Result "1/2-1/2"]
[WhiteElo "2370"]
[BlackElo "2370"]

1.e4 d6 2.d4 Nf6 3.Nc3 e5 4.dxe5 dxe5 5.Qxd8+ Kxd8 6.Bc4 Bb4 7.Bd2 Ke7 8.Nge2 c6
9.O-O-O Nbd7 10.Ng3 g6 11.h4 Bc5 12.f3 b5 13.Be2 Bf2 14.Nf1 Bd4 15.g4 Nb6
16.Bd3 Be6 17.Ne2 Bc5 18.Kb1 Nc4 19.Bg5 h6 20.Bc1 Nd7 21.Neg3 Ndb6 22.h5 g5
23.Nf5+ Bxf5 24.gxf5 f6 25.Nh2 Nd6 26.Ng4 Nf7 27.c3 a5 28.Rh2 Ra7 29.Bc2 a4
30.b4 axb3 31.Bxb3 Nd6 32.Be3 Bxe3 33.Nxe3 Nbc4 34.Bxc4 bxc4 35.Rb2 Nb5 36.Kc2 Ra3
37.Rxb5 cxb5 38.Nd5+ Kf7 39.Nb4 Rha8 40.Kb2 R3a7 41.Rd6 Kg7 42.Rb6 Rd8 43.Nd5 Rda8
44.Nb4 Rd7 45.Nd5 Rda7 46.Nb4 Rd8  1/2-1/2

[Event "CSR-ch"]
[Site "Frenstat"]
[Date "1982.??.??"]
[Round "8"]
[White "Pribyl, Josef"]
[Black "Vykydal, Frantisek"]
[Result "1-0"]
[WhiteElo "2425"]
[BlackElo "2265"]

1.d4 c6 2.e4 d6 3.Nc3 Nf6 4.Nf3 Bg4 5.Be2 Nbd7 6.h3 Bxf3 7.Bxf3 e5 8.Be3 Be7
9.Qd2 Qc7 10.O-O O-O 11.a4 h6 12.Rfd1 Rfd8 13.Be2 Nh7 14.a5 Bg5 15.Bc4 Ndf8
16.d5 c5 17.a6 Rab8 18.b3 Ng6 19.axb7 Rxb7 20.Ra6 Ne7 21.Rda1 Rdb8 22.Bxg5 Nxg5
23.Qd3 Nc8 24.Rc6 Qd8 25.Ba6 Rb4 26.Bxc8 c4 27.Rxc4 Rxc4 28.bxc4 Qxc8 29.Nb5 Qc5
30.Rxa7 Qb4 31.Ra1 Rc8 32.h4 Nh7 33.Qa3 Qxa3 34.Rxa3 Rxc4 35.Nxd6 Rxc2 36.Ra8+ Nf8
37.Nf5 g6 38.Nxh6+ Kg7 39.Ng4 Rc7 40.Re8 f6 41.Nxf6  1-0

[Event "DDR-ch 31th"]
[Site "Salzwedel"]
[Date "1982.??.??"]
[Round "7"]
[White "Tischbierek, Raj"]
[Black "Hesse, Peter"]
[Result "1-0"]
[WhiteElo "2370"]
[BlackElo "2330"]

1.e4 d6 2.d4 Nf6 3.Nc3 e5 4.Nf3 Nbd7 5.Bc4 Be7 6.O-O c6 7.a4 O-O 8.h3 b6
9.Qe2 a6 10.Rd1 Qc7 11.Ba2 Rb8 12.Nh4 exd4 13.Nf5 Nc5 14.Nxd4 a5 15.Bf4 Re8
16.e5 Ba6 17.Ndb5 Qc8 18.exf6 Bxf6 19.Bxf7+ Kxf7 20.Nxd6+ Kg8 21.Qxe8+ Qxe8
22.Nxe8 Rxe8 23.Bc7  1-0

[Event "URS-ch sf"]
[Site "Severodonetsk"]
[Date "1982.??.??"]
[Round "?"]
[White "Filipenko, Alexander V"]
[Black "Gavrikov, Viktor"]
[Result "1-0"]
[WhiteElo "2320"]
[BlackElo "2430"]

1.e4 d6 2.d4 Nf6 3.Nc3 c6 4.f4 g6 5.Nf3 Bg7 6.Bd3 O-O 7.O-O Bg4 8.Kh1 Qb6
9.a3 Nfd7 10.e5 c5 11.Nd5 Qd8 12.exd6 exd6 13.Ne3 Bxf3 14.Qxf3 Nc6 15.dxc5 dxc5
16.Bc4 Kh8 17.c3 f5 18.Rd1 Qc7 19.Nd5 Qc8 20.Be3 Re8 21.Bf2 Nb6 22.Nxb6 axb6
23.Rd6 Qc7 24.Re6 Rxe6 25.Bxe6 Re8 26.Bd5 Bf6 27.Re1 Rxe1+ 28.Bxe1 Qd7 29.Bc4 Ne7
30.Qe2 Nc8 31.Qe6 Qxe6 32.Bxe6 Nd6 33.Bf2 Kg7 34.Bd5 Kf8 35.Be3 Ke7 36.g3 Kd7
37.Kg2 h5 38.h3 Kc7 39.Kf3 Nc8 40.Bf7 Ne7 41.a4 Kd6 42.h4 Kc6 43.Bf2 Kd6
44.Ke2 Kc6 45.Kd3 Kd6 46.Kc4 Kc6 47.Be8+ Kc7 48.b4 cxb4 49.Bd4 Bxd4  1-0

[Event "New York Kavkasian"]
[Site "New York"]
[Date "1983.??.??"]
[Round "?"]
[White "Byrne, Robert E"]
[Black "Lein, Anatoly"]
[Result "1/2-1/2"]
[WhiteElo "2515"]
[BlackElo "2465"]

1.e4 d6 2.d4 Nf6 3.Nc3 c6 4.f4 Qa5 5.Bd3 e5 6.Nf3 Bg4 7.dxe5 dxe5 8.h3 Bxf3
9.Qxf3 Nbd7 10.Bd2 exf4 11.Qxf4 Qe5 12.O-O-O Bd6 13.Qf5 Qe6  1/2-1/2

[Event "RLN"]
[Site "?"]
[Date "1983.??.??"]
[Round "?"]
[White "Liersch, Andreas"]
[Black "Riedel, Wolfgang"]
[Result "1/2-1/2"]
[WhiteElo "2265"]
[BlackElo "2320"]

1.d4 d6 2.e4 Nf6 3.Nc3 e5 4.Nf3 Nbd7 5.Bc4 Be7 6.h3 c6 7.a4 O-O 8.O-O Qc7
9.b3 h6 10.Ba3 Re8 11.Re1 Bf8 12.Nh4 exd4 13.Qxd4 Ne5 14.Be2 Be6 15.f4 Ng6
16.Nxg6 fxg6 17.Rad1 Bf7 18.Bf3 Red8 19.Bc1 b6 20.Qd3 Re8 21.Ne2 Rad8 22.c4 a5
23.Nd4 Nd7 24.Qb1 Nc5 25.Re2  1/2-1/2

[Event "Kamen Piskov mem 3"]
[Site "Ruse"]
[Date "1983.??.??"]
[Round "4"]
[White "Atanasov, Petko"]
[Black "Grkov, Dimitar"]
[Result "1-0"]
[WhiteElo "2400"]
[BlackElo "2330"]

1.d4 Nf6 2.Nc3 d6 3.e4 Nbd7 4.Nf3 e5 5.Bg5 Be7 6.h3 c6 7.Qd2 h6 8.Be3 b5
9.a3 a6 10.Be2 Qc7 11.O-O g5 12.b4 Rg8 13.a4 Bb7 14.Nh2 h5 15.f3 exd4 16.Bxd4 c5
17.Bf2 cxb4 18.Na2 d5 19.Nxb4 Bd6 20.exd5 Bxh2+ 21.Kh1 Bf4 22.Qd3 Qd6 23.Nc6 Qxd5
24.axb5 Qxd3 25.Bxd3 axb5 26.Rxa8+ Bxa8 27.Re1+ Kf8 28.Ne7 Rh8 29.Bxb5 g4
30.Bd4 Rh6 31.Nf5 Rg6 32.fxg4 hxg4 33.h4 Bd5 34.Ne7 Be6 35.Nxg6+ fxg6 36.Rxe6 Kf7
37.Bc4 Kg7 38.Bb3 Bg3 39.Re7+ Kh6 40.Be6  1-0

[Event "Yerevan op"]
[Site "Yerevan"]
[Date "1983.??.??"]
[Round "1"]
[White "Filipenko, Alexander V"]
[Black "Shkljaev"]
[Result "0-1"]
[WhiteElo "2370"]
[BlackElo "2200"]

1.e4 d6 2.d4 Nf6 3.Nc3 c6 4.f4 Qa5 5.Bd3 e5 6.dxe5 dxe5 7.Nf3 Nbd7 8.O-O Bd6
9.f5 Qc7 10.Kh1 Nc5 11.a3 b6 12.b4 Nxd3 13.cxd3 Ba6 14.Rb1 O-O 15.Ne1 c5
16.Bg5 Be7 17.Bxf6 Bxf6 18.Nd5 Qd6 19.Nc2 cxb4 20.axb4 Bb7 21.Nce3 Bg5 22.f6 g6
23.Nc4 Qd8 24.Qg4 h6 25.Ne7+ Kh7 26.Nxe5 Qd6 27.h4 Bxf6 28.h5 Bxe5 29.Rxf7+ Rxf7
30.hxg6+ Kh8 31.gxf7 Qxe7 32.Qh5 Qg5  0-1

[Event "Dresden"]
[Site "Dresden"]
[Date "1984.??.??"]
[Round "5"]
[White "Kaminski, Uwe"]
[Black "Hesse, Peter"]
[Result "1/2-1/2"]
[WhiteElo "2200"]
[BlackElo "2355"]

1.e4 d6 2.d4 Nf6 3.Nc3 e5 4.Nf3 Nbd7 5.Bc4 Be7 6.O-O c6 7.a4 O-O 8.Qe2 Qc7
9.a5 b5 10.axb6 Nxb6 11.dxe5 dxe5 12.Ba6 Bg4 13.h3 Bh5 14.g4 Bg6 15.Nh4 Nfd7
16.Nf5 Nc5 17.Bc4  1/2-1/2

[Event "Dresden"]
[Site "Dresden"]
[Date "1984.??.??"]
[Round "9"]
[White "Roesler, Matthias"]
[Black "Hesse, Peter"]
[Result "0-1"]
[WhiteElo "2200"]
[BlackElo "2355"]

1.e4 d6 2.d4 Nf6 3.Nc3 e5 4.dxe5 dxe5 5.Qxd8+ Kxd8 6.Nf3 Bd6 7.Bg5 c6 8.Bc4 Ke7
9.Nh4 h6 10.Bxf6+ Kxf6 11.f4 exf4 12.O-O-O Be5 13.Rhf1 Be6 14.Bxe6 Kxe6 15.Ne2 Nd7
16.Nf5 g6 17.Nfd4+ Ke7 18.Nxf4 Rad8 19.Nb3 Bxf4+ 20.Rxf4 Ne5 21.Rdf1 Rhf8
22.h3 h5 23.Nd2 f6 24.R4f2 Ke6 25.Re2 Rd7 26.c3 Rfd8 27.Kc2 c5 28.Ref2 Rf8
29.Nf3 Nc4 30.Re2 Ne5 31.Ref2 Nc4 32.Kb3 b5 33.e5 f5 34.Ng5+ Kxe5 35.Re1+ Kd5
36.Ne6 Rg8 37.g4 hxg4 38.hxg4 fxg4 39.Kc2 Rd6 40.Ng5 g3 41.Rg2 Rf8 42.b3 Nb6
43.Ree2 Kc6 44.Rxg3 Nd5 45.Nf3 Rff6 46.Ne5+ Kc7 47.Rh2 Rde6 48.Rh7+ Re7 49.Rxe7+ Nxe7
50.Rd3 Rd6 51.Rf3 Re6 52.Nd3 Kd6 53.Kd2 a6 54.b4 cxb4 55.cxb4 g5 56.Nc5 Rg6
57.Rd3+ Nd5 58.Nxa6 Ke5 59.Nc5 Nxb4 60.Re3+ Kd5 61.Nd7 Rd6 62.Ne5 Kc5+ 63.Ke2 Nxa2
64.Kf3 Rd4 65.Nd3+ Kc4 66.Ne5+ Kd5 67.Ng4 Rf4+ 68.Kg3 Kd4 69.Rb3 Nc3 70.Rb4+ Kc5
71.Rxf4 Ne2+ 72.Kf3 Nxf4 73.Nf2 Kd4 74.Kg4 Ne6  0-1

[Event "DDR-ch 33th"]
[Site "Eilenburg"]
[Date "1984.??.??"]
[Round "3"]
[White "Tischbierek, Raj"]
[Black "Hesse, Peter"]
[Result "1/2-1/2"]
[WhiteElo "2450"]
[BlackElo "2345"]

1.e4 d6 2.d4 Nf6 3.Nc3 e5 4.Nf3 Nbd7 5.Bc4 Be7 6.O-O c6 7.a4 O-O 8.Ba2 b6
9.Qe2 a6 10.dxe5 dxe5 11.Rd1 Qc7 12.Nh4 Nc5 13.Nf5 Bxf5 14.exf5 b5 15.b4 Nxa4
16.Nxa4 bxa4 17.Bc4 a5 18.b5 cxb5 19.Bxb5 a3 20.Bxa3  1/2-1/2

[Event "DDR-ch 33th"]
[Site "Eilenburg"]
[Date "1984.??.??"]
[Round "5"]
[White "Goldberg, Alexander"]
[Black "Hesse, Peter"]
[Result "0-1"]
[WhiteElo "2320"]
[BlackElo "2345"]

1.e4 d6 2.d4 Nf6 3.Nc3 e5 4.Nf3 Nbd7 5.Bc4 Be7 6.O-O c6 7.a4 O-O 8.Qe2 Qc7
9.Rd1 Nb6 10.Ba2 Bg4 11.h3 Bh5 12.dxe5 dxe5 13.a5 Nbd7 14.g4 Bg6 15.Nh4 Bb4
16.a6 b5 17.Nxg6 hxg6 18.g5 Nh5 19.Nxb5 cxb5 20.Qxb5 Qxc2 21.Be3 Bc5 22.Rac1 Qxe4
23.Bd5 Qf5 24.Rxc5 Rab8 25.Qd3 Qxd3 26.Rxd3 Nxc5 27.Bxc5 Nf4 28.Bxf8 Nxd3
29.Ba3 Rb6 30.Bb7 Nb4  0-1

[Event "DDR-ch 33th"]
[Site "Eilenburg"]
[Date "1984.??.??"]
[Round "12"]
[White "Vogt, Lothar"]
[Black "Hesse, Peter"]
[Result "0-1"]
[WhiteElo "2485"]
[BlackElo "2345"]

1.e4 d6 2.d4 Nf6 3.Nc3 e5 4.Nf3 Nbd7 5.Bc4 Be7 6.O-O c6 7.a4 O-O 8.Qe2 Qc7
9.h3 b6 10.Bg5 a6 11.Ba2 Rb8 12.d5 cxd5 13.Bxd5 h6 14.Bh4 Nc5 15.Bc4 Be6
16.Bxf6 Bxf6 17.Nd5 Bxd5 18.Bxd5 b5 19.axb5 axb5 20.g3 Ne6 21.Ra6 Rfc8 22.c3 Rb6
23.Ra2 b4 24.c4 b3 25.Ra3 Rbb8 26.Rfa1 Qc5 27.Qd3 Bd8 28.Rxb3 Bb6 29.Rf1 Qc7
30.Rb5 Nd4 31.Nxd4 Bxd4 32.b3 Rxb5 33.cxb5 Qc2 34.Qf3 Rc7 35.Bc4 Qd2 36.Kg2 Ra7
37.Rd1 Qc2 38.Rd3 Qb2 39.Qf5 Qc1 40.Rf3 Kh8 41.Bxf7 Ra1  0-1

[Event "Bundesliga 8384"]
[Site "Germany"]
[Date "1984.??.??"]
[Round "?"]
[White "Backwinkel, Paul"]
[Black "Konikowski, Jerzy"]
[Result "1-0"]
[WhiteElo "2330"]
[BlackElo "2390"]

1.d4 Nf6 2.Nc3 d6 3.e4 Nbd7 4.f4 c6 5.Nf3 Qc7 6.e5 Nd5 7.Nxd5 cxd5 8.Bd3 e6
9.Ng5 g6 10.Qg4 Be7 11.h4 h5 12.Qe2 Nf8 13.Bd2 Bd7 14.O-O-O Nh7 15.g4 hxg4
16.Nxf7 Kxf7 17.h5 gxh5 18.Rxh5 Nf6 19.Rxh8 Rxh8 20.exf6 Bxf6 21.Qxg4 Qc8
22.Rg1 Qg8 23.Qd1 Qf8 24.c3 Rh3 25.Bg6+ Ke7 26.f5 exf5 27.Qb3 Bc6 28.Bxf5 Rh2
29.Bf4 Rh8 30.Qa3 Kd8 31.Qa5+ Ke8 32.Qc7 Rg8 33.Qc8+  1-0

[Event "BKL-Turnier"]
[Site "Leipzig"]
[Date "1984.??.??"]
[Round "4"]
[White "Boehnisch, Manfred"]
[Black "Hesse, Peter"]
[Result "0-1"]
[WhiteElo "2335"]
[BlackElo "2345"]

1.e4 d6 2.d4 Nf6 3.Nc3 e5 4.dxe5 dxe5 5.Qxd8+ Kxd8 6.Bc4 Bb4 7.Bd2 Ke7 8.a3 Bd6
9.Nge2 c6 10.Ng3 g6 11.h3 Be6 12.Bxe6 Kxe6 13.O-O-O Nbd7 14.Rhf1 Rad8 15.f4 exf4
16.Bxf4 Bxf4+ 17.Rxf4 Ne5 18.Rdf1 Nfd7 19.Nge2 Ke7 20.Nd1 Nc5 21.Ne3 h5 22.g4 Ne6
23.R4f2 h4 24.Nf4 Ng5 25.Re2 Rd4 26.Neg2 a5 27.Rd1 Rxd1+ 28.Kxd1 f6 29.Ne1 Kf7
30.Ned3 Rd8 31.Kd2 Rd4 32.Ng2 Nef3+ 33.Kd1 Nxh3 34.Nxh4 Nxh4 35.Rh2 Rxe4
36.Rxh3 Rxg4 37.Nc5 b6 38.Nd7 g5 39.Nxb6 f5 40.b3 Rg1+ 41.Kd2 f4 42.Nc4 Ng6
43.Rh7+ Kf6 44.Rc7 Ne5 45.Nxe5 Kxe5 46.Rxc6 g4 47.Rc5+ Ke4 48.b4 axb4 49.axb4 g3
50.Rc4+ Kf3 51.Rc3+ Kf2  0-1

[Event "BKL-Turnier"]
[Site "Leipzig"]
[Date "1984.??.??"]
[Round "6"]
[White "Hennings, Artur"]
[Black "Hesse, Peter"]
[Result "1/2-1/2"]
[WhiteElo "2415"]
[BlackElo "2345"]

1.e4 d6 2.d4 Nf6 3.Nc3 e5 4.Nf3 Nbd7 5.Bc4 Be7 6.O-O c6 7.a4 O-O 8.Qe2 Qc7
9.Rd1 Nb6 10.dxe5 dxe5 11.Bb3 Bg4 12.h3 Bh5 13.Bg5 Nbd7 14.g4 Bg6 15.Rxd7 Qxd7
16.Nxe5 Qc7 17.Bf4 Bd6 18.Nxg6 Bxf4 19.Nxf8 Rxf8 20.Rd1 Re8  1/2-1/2

[Event "BKL-Turnier"]
[Site "Leipzig"]
[Date "1984.??.??"]
[Round "8"]
[White "Tischbierek, Raj"]
[Black "Hesse, Peter"]
[Result "1-0"]
[WhiteElo "2450"]
[BlackElo "2345"]

1.e4 d6 2.d4 Nf6 3.Nc3 e5 4.Nf3 Nbd7 5.Bc4 Be7 6.O-O c6 7.a4 O-O 8.a5 Qc7
9.Ba2 Rb8 10.Qe2 b5 11.axb6 axb6 12.d5 b5 13.dxc6 Qxc6 14.Bg5 h6 15.Bd5 Qc7
16.Nxb5 Qb6 17.Bxf6 Nxf6 18.Nc3 Bg4 19.Rfb1 Bd8 20.h3 Bh5 21.Ra6 Qc5 22.Rc6 Qb4
23.Qd3 Bxf3 24.Qxf3 Rb6 25.Rc4 Qa5 26.b4 Qa3 27.Qd1 Qa7 28.Ra1 Ra6 29.Rxa6 Qxa6
30.Rc6 Qa3 31.Qb1 Qa7 32.Nb5 Qb8 33.Nxd6 Nxd5 34.exd5 Be7 35.Nf5 Bxb4 36.c4 e4
37.Qb2 f6 38.d6 Bxd6 39.Qxb8 Bxb8 40.Re6 Be5 41.g4 Rf7 42.Ne7+ Kh7 43.c5 g6
44.c6 Bc7 45.Nd5 Kg7 46.Re7 Rxe7 47.Nxe7 f5 48.Nd5 Ba5 49.gxf5 gxf5 50.Kg2 Kf7
51.c7 Bxc7 52.Nxc7 Kf6 53.f4  1-0

[Event "Kamen Piskov mem 4"]
[Site "Ruse"]
[Date "1984.??.??"]
[Round "3"]
[White "Atanasov, Petko"]
[Black "Nikolov, Todor"]
[Result "1/2-1/2"]
[WhiteElo "2420"]
[BlackElo "2200"]

1.d4 Nf6 2.Nc3 d6 3.e4 Nbd7 4.g4 e5 5.g5 exd4 6.Qxd4 Ng4 7.h3 Nge5 8.Be3 Nc6
9.Qd2 Nb6 10.O-O-O g6 11.f4 Bg7 12.Nf3 Be6 13.Nd4 Bd7 14.h4 h5 15.Nxc6 bxc6
16.Bd4 O-O 17.Bxg7 Kxg7 18.Qd4+ Kh7 19.f5 Qe7 20.f6 Qe8 21.Be2 c5 22.Qe3 Qe5
23.Nd5  1/2-1/2

[Event "Kamen Piskov mem 4"]
[Site "Ruse"]
[Date "1984.??.??"]
[Round "15"]
[White "Donev, Ivo Hristov"]
[Black "Atanasov, Petko"]
[Result "1/2-1/2"]
[WhiteElo "2250"]
[BlackElo "2420"]

1.e4 d6 2.d4 Nf6 3.Nc3 Nbd7 4.Nf3 e5 5.Bc4 Be7 6.O-O O-O 7.a4 c6 8.dxe5 dxe5
9.Qe2 Qc7 10.a5 Nc5 11.Be3 Bg4 12.h3 Bh5 13.Bg5 Ne8 14.g4 Bg6 15.b4 Bxg5
16.Nxg5 Qe7 17.bxc5 Qxg5 18.Rfb1 Qe7 19.Qe3  1/2-1/2

[Event "Thessaloniki ol (Women)"]
[Site "Thessaloniki"]
[Date "1984.??.??"]
[Round "14"]
[White "Hund, Barbara"]
[Black "Lazarevic, Milunka"]
[Result "1/2-1/2"]
[WhiteElo "2270"]
[BlackElo "2165"]

1.e4 d6 2.d4 Nf6 3.Nc3 Nbd7 4.Bc4 c5 5.Nf3 cxd4 6.Nxd4 a6 7.Bb3 Nc5 8.f3 e5
9.Nde2 Nxb3 10.axb3 Be7 11.Be3 Be6 12.O-O d5 13.exd5 Nxd5 14.Nxd5 Bxd5 15.c4 Bc6
16.Nc3 O-O 17.Na4 Bg5 18.Bc5 Qxd1 19.Raxd1 Rfe8 20.Nb6 Rad8 21.Nd5 f5 22.g3 Kf7
23.Kf2 Bxd5 24.cxd5 Rc8 25.b4 Red8 26.Rfe1 Bf6 27.Re2 Rd7 28.b3 a5 29.Kg2 b6
30.Bxb6 axb4 31.Ba5 Rc3 32.Bxb4 Rxb3 33.Be1 Rb5 34.Red2 Bd8 35.Rd3 Bb6 36.Bc3 Bd4
37.g4 fxg4 38.fxg4 Bxc3 39.Rxc3 Rbxd5 40.Rxd5 Rxd5 41.Kf3 Ke6 42.Ke3 Rd4
43.h3 h5 44.Rc6+ Rd6 45.Rc7 hxg4 46.hxg4 Rd7 47.Rc6+ Rd6 48.Rc7 g6 49.Rc5 Kf6
50.Ra5 Re6 51.Kf3 e4+ 52.Kf4 e3 53.g5+ Ke7 54.Ra1 e2 55.Re1 Kf7 56.Kf3 Re5
57.Rxe2 Rxg5 58.Ra2 Kg7 59.Kf4 Rg1 60.Kf3 Kh6 61.Ra5 g5 62.Kf2 Rb1 63.Kg2 Kh5
64.Ra2 Kh4 65.Rc2 g4 66.Ra2 Rb3 67.Rc2  1/2-1/2

[Event "Hastings8586"]
[Site "Hastings"]
[Date "1985.??.??"]
[Round "9"]
[White "Conquest, Stuart"]
[Black "Rukavina, Josip"]
[Result "1-0"]
[WhiteElo "2350"]
[BlackElo "2470"]

1.d4 d6 2.e4 Nf6 3.Nc3 c6 4.f4 Qa5 5.Bd3 e5 6.Nf3 Bg4 7.O-O exd4 8.e5 dxc3
9.exf6 gxf6 10.Qe1+ Be7 11.bxc3 Bxf3 12.Rxf3 Kd8 13.Rb1 b6 14.Bd2 Nd7 15.c4 Qc5+
16.Kh1 Re8 17.Bb4 Qh5 18.Re3 c5 19.Bc3 Qh6 20.Qf2 d5 21.Qf3 Kc7 22.Rbe1 d4
23.Rxe7 Rxe7 24.Qxa8  1-0

[Event "Kecskemet op"]
[Site "Kecskemet "]
[Date "1985.??.??"]
[Round "4"]
[White "Horvath, Zoltan"]
[Black "Tseitlin, Mikhail S"]
[Result "0-1"]
[WhiteElo "2405"]
[BlackElo "2490"]

1.e4 d6 2.d4 Nf6 3.Nc3 c6 4.Nf3 Bg4 5.Be2 e6 6.O-O Be7 7.h3 Bh5 8.Bf4 O-O
9.a4 d5 10.e5 Nfd7 11.Bd3 c5 12.dxc5 Nxc5 13.Be2 Nc6 14.Nd4 Bxe2 15.Ncxe2 Qd7
16.Nxc6 bxc6 17.Nd4 Rab8 18.b3 Ne4 19.Qd3 Rb4 20.c3 Rb7 21.c4 f5 22.Rfd1 g5
23.Bd2 Bc5 24.Be1 g4 25.Rab1 Bxd4 26.Qxd4 gxh3 27.gxh3 Kh8 28.Kh2 Rg8 29.Bd2 c5
30.Qe3 Qg7 31.Rg1 Qxe5+ 32.Qf4 Qxf4+ 33.Bxf4 Rg6 34.f3 Nf2 35.b4 Nd3 36.Rxg6 hxg6
37.Bd6 dxc4 38.a5 Rxb4  0-1

[Event "Nikea op"]
[Site "Nikea"]
[Date "1985.??.??"]
[Round "?"]
[White "Kotronias, Vasilios"]
[Black "Rukavina, Josip"]
[Result "0-1"]
[WhiteElo "2425"]
[BlackElo "2470"]

1.e4 d6 2.d4 Nf6 3.Nc3 c6 4.a4 Nbd7 5.Nge2 a5 6.g3 e5 7.Bg2 Be7 8.O-O O-O
9.h3 Re8 10.Be3 Bf8 11.b3 exd4 12.Bxd4 Nc5 13.Bxc5 dxc5 14.Qxd8 Rxd8 15.Rad1 Re8
16.f4 Nd7 17.Rd2 c4 18.Rfd1 Nc5 19.Rd8 Rxd8 20.Rxd8 cxb3 21.cxb3 Ne6 22.Rd1 Bc5+
23.Kh2 Bb6 24.Nc1 Nc5 25.Bf1 Be6 26.f5 Bd7 27.Bc4 Rd8 28.Kg2 Kf8 29.Kf3 Bc7
30.g4 Be5 31.N1e2 Ke7 32.Ke3 g5 33.Rf1 Kf6 34.Rh1 Kg7 35.h4 h6 36.hxg5 hxg5
37.Rh5 f6 38.Rh1 Be8 39.Rb1 Bf7 40.Kf2 Bxc4 41.bxc4 Rd3  0-1

[Event "Zagreb"]
[Site "Zagreb"]
[Date "1985.??.??"]
[Round "?"]
[White "Ivanovic, Bozidar"]
[Black "Rukavina, Josip"]
[Result "0-1"]
[WhiteElo "2515"]
[BlackElo "2470"]

1.e4 d6 2.d4 Nf6 3.Nc3 c6 4.Nf3 g6 5.Be3 Bg7 6.Qd2 Nbd7 7.Bh6 Bxh6 8.Qxh6 e5
9.dxe5 dxe5 10.Bc4 Qe7 11.Ng5 Rf8 12.Nf3 Qc5 13.Bb3 Qxf2+ 14.Kxf2 Ng4+ 15.Ke1 Nxh6
16.Ng5 Rh8 17.h3 f6 18.Ne6 Ke7 19.g4 Nf7 20.Rf1 Nd8 21.Nxd8 Rxd8 22.g5 Rf8
23.h4 Nc5 24.Bc4 Be6 25.Bxe6 Nxe6 26.gxf6+ Rxf6 27.Rxf6 Kxf6 28.Ke2 Ke7 29.Rh1 Rf8
30.Ke3 Nd4 31.Rh2 Rf3+ 32.Kd2 Rf4 33.Kd3 Rg4 34.h5 g5 35.Nd1 Rh4 36.Rg2 Rxh5
37.Ne3 Ne6 38.Nf5+ Kf6 39.Kc4 Rh1 40.Ne3 Re1 41.Ng4+ Ke7 42.Nf2 Re2 43.Rh2 h5  0-1

[Event "Zagreb"]
[Site "Zagreb"]
[Date "1985.??.??"]
[Round "?"]
[White "Handoko, Edhi"]
[Black "Rukavina, Josip"]
[Result "1/2-1/2"]
[WhiteElo "2420"]
[BlackElo "2470"]

1.e4 d6 2.d4 Nf6 3.Nc3 c6 4.Nf3 g6 5.Be3 Bg7 6.Qd2 Ng4 7.Bf4 e5 8.Bg5 f6
9.Bh4 Qe7 10.h3 Nh6 11.dxe5 dxe5 12.Bc4 Nd7 13.a4 a5 14.Rd1 Nf7 15.O-O O-O
16.Qd6 Re8 17.Qc7 Bf8 18.Rd2 Nc5 19.Qxe7 Bxe7 20.Rfd1 Be6 21.Bxe6 Nxe6 22.Nh2 h5
23.f3 Bc5+ 24.Bf2 Kf8 25.Bxc5+ Nxc5 26.Nf1 Red8 27.Ne3 Rxd2 28.Rxd2 Ke7 29.Nc4 Ng5
30.Nb6 Rb8 31.b3 Nf7 32.Nd1 Nd6 33.Ne3 Ne6 34.Kf2 h4 35.Ke2 Nc5 36.Kf1 Rf8
37.Nec4 Nxc4 38.Nxc4 Ra8 39.Nb6 Ra6 40.Nc8+ Ke8 41.Nd6+ Kf8 42.Kf2 Ra8  1/2-1/2

[Event "Zagreb"]
[Site "Zagreb"]
[Date "1985.??.??"]
[Round "?"]
[White "Sax, Gyula"]
[Black "Rukavina, Josip"]
[Result "1-0"]
[WhiteElo "2565"]
[BlackElo "2470"]

1.e4 d6 2.d4 Nf6 3.Nc3 c6 4.g3 Nbd7 5.Bg2 e5 6.Nge2 Be7 7.O-O O-O 8.a4 a5
9.h3 Re8 10.Be3 b6 11.g4 Ba6 12.Re1 c5 13.dxe5 dxe5 14.Ng3 Nf8 15.Nd5 Nxd5
16.exd5 Bd6 17.Be4 Ng6 18.Nf5 Nh4 19.Nxh4 Qxh4 20.Kg2 Rad8 21.Qd2 h6 22.f3 Be7
23.Rad1 Bg5 24.d6 Bxe3 25.Rxe3 Qf6 26.Rb3 Rb8 27.d7 Red8 28.Qd6 Bc4 29.Re3 Qxd6
30.Rxd6 Kf8 31.Bc6 f6 32.f4 Ke7 33.Rd1 Ke6 34.b3 Ba6 35.Bd5+ Ke7 36.fxe5 Rxd7
37.exf6+ Kf8 38.fxg7+ Kxg7 39.c4 Bb7 40.Red3 Rbd8 41.Kg3 Bc6 42.Be4 Rxd3+
43.Rxd3 Rxd3+ 44.Bxd3 Kf6 45.Kf4 Be8 46.h4 Ke6 47.Bf5+ Ke7 48.Ke5 Bc6 49.g5 hxg5
50.hxg5 Bf3 51.g6 Bh5 52.Be4  1-0

[Event "Augsburg"]
[Site "Augsburg"]
[Date "1986.??.??"]
[Round "?"]
[White "Benko, Pal C"]
[Black "Hausner, Ivan"]
[Result "1/2-1/2"]
[WhiteElo "2475"]
[BlackElo "2430"]

1.d4 d6 2.e4 Nf6 3.Nc3 c6 4.a4 Nbd7 5.Nf3 e5 6.g3 Be7 7.Bg2 O-O 8.O-O a5
9.b3 Re8 10.Bb2 Qc7 11.Qd2 Nf8 12.h3 Bd7 13.Rad1 Rad8 14.Rfe1 Bc8 15.Qc1 Ng6
16.Rd3 h5 17.h4 Bg4 18.Nd1 exd4 19.Nxd4 d5 20.exd5 Nxd5 21.Ne3 Nxe3 22.Rdxe3 Qc8
23.Bc3  1/2-1/2

[Event "Bayern-ch"]
[Site "Bayern"]
[Date "1986.??.??"]
[Round "?"]
[White "Weiner, Oskar"]
[Black "Autenrieth, Michael"]
[Result "1-0"]
[WhiteElo "2245"]
[BlackElo "2375"]

1.e4 d6 2.d4 Nf6 3.Nc3 Nbd7 4.Bc4 e5 5.Nf3 Be7 6.dxe5 dxe5 7.Qe2 O-O 8.O-O c6
9.a4 a5 10.Be3 Qc7 11.h3 Nc5 12.Nd2 Ne6 13.Nb3 Bb4 14.f3 Nh5 15.Qf2 Nef4
16.Kh2 Re8 17.Ne2 Nxe2 18.Qxe2 b6 19.Qf2 Rb8 20.c3 Be7 21.Rfd1 Nf4 22.Rd2 b5
23.Bf1 b4 24.Nc5 bxc3 25.bxc3 Ne6 26.Bc4 Nxc5 27.Bxc5 Bxc5 28.Qxc5 Qb6 29.Qxb6 Rxb6
30.Rd6 Kf8 31.Rad1 Ba6 32.Ba2 Rb2 33.Rxc6 Be2 34.Rd7 Rxa2 35.Rcc7 Rxa4 36.Rxf7+ Kg8
37.Rxg7+ Kh8 38.Rxh7+ Kg8 39.h4 Bc4 40.h5 Kf8 41.h6 Bg8 42.Rh8 Re6 43.h7  1-0

[Event "Budapest Spring op"]
[Site "Budapest"]
[Date "1986.??.??"]
[Round "?"]
[White "Halasz, Tamas"]
[Black "Pribyl, Josef"]
[Result "0-1"]
[WhiteElo "2355"]
[BlackElo "2415"]

1.e4 d6 2.d4 Nf6 3.Nc3 c6 4.f4 Qa5 5.Bd3 e5 6.Nf3 Bg4 7.Be3 Nbd7 8.O-O Be7
9.Kh1 Bh5 10.Qe1 exf4 11.Bxf4 Bg6 12.e5 dxe5 13.dxe5 Nd5 14.Nxd5 Qxd5 15.Bxg6 hxg6
16.b3 Nc5 17.Bg5 Ne6 18.Bxe7 Kxe7 19.Rd1 Qc5 20.Nd4 Nxd4 21.Qf2 Rxh2+  0-1

[Event "FRA-ch"]
[Site "Epinal"]
[Date "1986.??.??"]
[Round "2"]
[White "Kirsch, B."]
[Black "Manouck, Thierry"]
[Result "1/2-1/2"]
[WhiteElo "2290"]
[BlackElo "2320"]

1.e4 d6 2.d4 Nf6 3.Nc3 Nbd7 4.f4 e5 5.Nf3 exd4 6.Qxd4 c6 7.Be3 d5 8.e5 Ng4
9.f5 Nxe3 10.Qxe3 Bc5 11.Qf4 O-O 12.O-O-O Re8 13.Bd3 Nxe5 14.Kb1 Nxd3 15.Rxd3 Bd6
16.Qg4 g6 17.Nd4 Be5 18.Rf1 f6 19.Qh4 Re7 20.g4 Rg7 21.fxg6 Rxg6 22.h3 Bd7
23.Nce2 Qc7 24.Rdf3 Re8 25.a3 c5 26.Nb3 Bb5 27.R3f2 b6 28.Nf4 Bxf4 29.Rxf4 Re6
30.Rxf6 Rexf6 31.Rxf6 Rxf6 32.Qxf6 Qf7 33.Qg5+ Kf8 34.Qd8+ Kg7 35.Qg5+ Kf8
36.Qd8+ Kg7 37.Qg5+ Kf8  1/2-1/2

[Event "FRA-ch"]
[Site "Epinal"]
[Date "1986.??.??"]
[Round "8"]
[White "Santo Roman, Marc"]
[Black "Manouck, Thierry"]
[Result "1/2-1/2"]
[WhiteElo "2360"]
[BlackElo "2320"]

1.e4 d6 2.d4 Nf6 3.Nc3 Nbd7 4.Nf3 e5 5.Bc4 Be7 6.O-O O-O 7.Qe2 c6 8.a4 a5
9.Rd1 Qe8 10.h3 Bd8 11.Bg5 h6 12.Bh4 Bc7 13.dxe5 dxe5 14.Nh2 Nh7 15.Ng4 Nb6
16.Bd3 Ng5 17.Ne3 g6 18.Nc4 Qe7 19.Kh1 f6 20.Rd2 Kg7 21.Nd1 Ne6 22.Bg3 Nf4
23.Bxf4 exf4 24.Qf3 Nd7 25.Bf1 Nc5 26.Nc3 Be6 27.Rad1 Rad8 28.b3 g5 29.Nd5 Qf7
30.Nxc7 Qxc7 31.Nd6 Rd7 32.Qh5 Rfd8 33.Ne8+ Rxe8 34.Qxe8 Re7 35.Qh5 Nxe4
36.Bd3 f5 37.Bxe4 fxe4 38.Rd8 Bf7 39.Qg4 Be6 40.Qh5 Bf7 41.Qg4  1/2-1/2

[Event "FRA-ch"]
[Site "Epinal"]
[Date "1986.??.??"]
[Round "11"]
[White "Birmingham, Eric"]
[Black "Manouck, Thierry"]
[Result "1/2-1/2"]
[WhiteElo "2260"]
[BlackElo "2320"]

1.e4 d6 2.d4 Nf6 3.Nc3 Nbd7 4.Nf3 e5 5.Bc4 Be7 6.dxe5 Nxe5 7.Be2 Nxf3+ 8.Bxf3 c6
9.O-O O-O 10.a4 a5 11.Qd4 Bg4 12.Bxg4 Nxg4 13.Bf4 Qc7 14.Rad1 Rad8 15.h3 Ne5
16.b3 Rfe8 17.Qe3 Bf6 18.Rfe1  1/2-1/2

[Event "FRA-SWZ"]
[Site "?"]
[Date "1986.??.??"]
[Round "?"]
[White "Trepp, Markus"]
[Black "Manouck, Thierry"]
[Result "0-1"]
[WhiteElo "2380"]
[BlackElo "2320"]

1.e4 d6 2.d4 Nf6 3.Nc3 Nbd7 4.Nf3 e5 5.Bc4 Be7 6.O-O O-O 7.Qe2 c6 8.a4 a5
9.h3 Qe8 10.Ba2 Bd8 11.Be3 Qe7 12.Rad1 Bc7 13.Rfe1 Nb6 14.Qd2 Be6 15.d5 cxd5
16.Bxb6 Bxb6 17.Nxd5 Nxd5 18.Bxd5 Rfc8 19.c3 Bxd5 20.Qxd5 Rc6 21.Nd2 Rc5
22.Qd3 Qe6 23.Nf1 Rc6 24.Ne3 Bxe3 25.fxe3 Qb3 26.Qb5 Qxb5 27.axb5 Rc5 28.Rxd6 Rxb5
29.Red1 Kf8 30.R1d2 Ra6 31.R6d5 Rab6 32.Rxb5 Rxb5 33.Kf2 Ke7 34.Ke2 Ke6 35.Kd3 Rc5
36.Kc2 Rc4 37.Rd5 Rxe4 38.Rxa5 Rxe3 39.Ra4 Re2+ 40.Kb3 Rxg2 41.Rb4 f5 42.Rxb7 f4
43.Kc4 f3 44.Kd3 e4+ 45.Kxe4 f2 46.Rb6+ Kf7 47.Rb7+ Kg6 48.Rb6+ Kh5 49.Rb5+ Rg5  0-1

[Event "Hamburg HSV"]
[Site "Hamburg"]
[Date "1986.??.??"]
[Round "?"]
[White "Wahls, Matthias"]
[Black "Bricard, Emmanuel"]
[Result "1-0"]
[WhiteElo "2460"]
[BlackElo "2310"]

1.e4 d6 2.d4 Nf6 3.Nc3 Nbd7 4.Nf3 e5 5.Bc4 Be7 6.O-O O-O 7.Qe2 c6 8.a4 exd4
9.Nxd4 Re8 10.Qd1 Bf8 11.Re1 Nc5 12.f3 Qb6 13.a5 Qb4 14.Bf1 d5 15.e5 Nfd7
16.Nxd5 Qxe1 17.Qxe1 cxd5 18.f4 Ne4 19.Nb5 Ndf6 20.Be3 Ng4 21.Bd4 f6 22.Nc7 fxe5
23.fxe5 Rxe5 24.Nxa8 Rh5 25.Bc4 Nef6 26.Be2 Bd6 27.h3 Bh2+ 28.Kh1  1-0